000 00830nam a2200229 a 4500
001 15394667
008 170328s2010 ||||||||||||||||| || u
010 _a2008034181
020 _a9781416054733
020 _a1416054731
050 _aRD 731 Mil
100 _aMiller, Mark D
245 1 0 _aEssential orthopaedics
_c[edited by] Mark D. Miller, Jennifer A. Hart, John M. MacKnight.
260 _aPhiladelphia, PA
_bSaunders Elsevier
_c2010
300 _axxii, 968 p. : ill.
350 _a170.00
500 _aIncludes CD-ROM available in Cybrary
650 0 _aORTHOPEDICS
700 _aHart, Jennifer A
700 _aMacKnight, John M
995 _aMEDICAL LIBRARY OPEN ACCESS
_e903856
_FCBU-SCHOOL OF MEDICINE LIBRARY (Ndola)
_I170.00
_jRD 731 Mil
_M1
_UAVAILABLE
_WMar 27, 2017
_y903856
_ZMedical Library Open Access Collection
999 _c31376
_d31376